Statistiques concernant Pays les plus paisibles du monde

Cliquez ici pour prendre le quiz!

Statistiques générales

  • Ce quiz a été pris 200 fois
  • Le résultat moyen est 9 sur 15

Statistiques - réponses

ClassementPays% Correct
15Suède
89%
14Finlande
81%
1Islande
81%
10Suisse
79%
6Canada
74%
9Japon
69%
13Australie
67%
2Nouvelle-Zélande
66%
5Danemark
64%
12Irlande
59%
3Portugal
47%
4Autriche
46%
7Singapour
34%
8République Tchèque
27%
11Slovénie
27%

Distribution des résultats

Percentile par nombre de réponses

% des personnes avec chaque résultat

Votre développement - résultats

Vous n’avez pas pris ce quiz